Matrimonial Laws and the Constitution (Record no. 1310995)

MARC details
000 -LEADER
fixed length control field 00563nam a2200205Ia 4500
005 - DATE AND TIME OF LATEST TRANSACTION
control field 20250505125006.0
008 - FIXED-LENGTH DATA ELEMENTS--GENERAL INFORMATION
fixed length control field 008 250505s9999 xx 000 0 eng d
037 ## - SOURCE OF ACQUISITION
Stock number Textbook
040 ## - CATALOGING SOURCE
Original cataloging agency LCO
Language of cataloging eng
Transcribing agency LCO
041 ## - LANGUAGE CODE
Language code of text/sound track or separate title eng
Source of code eng
084 ## - COLON CLASSIFICATION NUMBER
Classification number Z3,122 Q7
Assigning agency LCO
100 ## - MAIN ENTRY--PERSONAL NAME
Personal name Bhattacharjee, A.M.
9 (RLIN) 705185
245 #0 - TITLE STATEMENT
Title Matrimonial Laws and the Constitution
Statement of responsibility, etc. A.M. Bhattacharjee
260 ## - PUBLICATION, DISTRIBUTION, ETC.
Place of publication, distribution, etc. Kolkatta, India
Name of publisher, distributor, etc. E.L.H.
Date of publication, distribution, etc. 2017
300 ## - PHYSICAL DESCRIPTION
Extent 324
365 ## - TRADE PRICE
Price type code INR
Price amount 875
650 ## - SUBJECT ADDED ENTRY--TOPICAL TERM
Topical term or geographic name entry element Law
942 ## - ADDED ENTRY ELEMENTS (KOHA)
Koha item type Textbook
Classification part Z3,122 Q7
Holdings
Withdrawn status Lost status Damaged status Not for loan Home library Current library Date acquired Source of acquisition Cost, normal purchase price Total Checkouts Full call number Barcode Date last seen Price effective from Koha item type
        Law Centre-I Library Law Centre-I Library 2025-05-05 Satyam Books Pvt Ltd 875.00   Z3,122 Q7 LO1645855 2025-06-17 2025-05-05 Textbook
Copyright @ Delhi University Library System